Kumedungun-Kumewirin: antología poética de mujeres mapuche, siglos XX-XXI
Na minha lista:
| Principais autores: | , |
|---|---|
| Formato: | Livro |
| Idioma: | espanhol |
| Publicado em: |
Santiago
LOM
2010
|
| Edição: | 1a. ed |
| coleção: | Colección Entre Mares
|
| Assuntos: | |
| Tags: |
Adicionar Tag
Sem tags, seja o primeiro a adicionar uma tag!
|
MARC
| LEADER | 00000cam a2200000 a 4500 | ||
|---|---|---|---|
| 001 | UCF1878 | ||
| 003 | CL-VaPUC | ||
| 008 | 120727e20100000CL |||||||||||||||||spa|d | ||
| 020 | |a 9789560002150 | ||
| 082 | 0 | 4 | |a Ch861 |b MOR |2 21 |
| 100 | |a Mora Curriao, Maribel |e autora |9 563404 | ||
| 700 | 0 | |a Moraga García, Fernanda |e author |9 563405 | |
| 245 | 1 | 0 | |a Kumedungun-Kumewirin: antología poética de mujeres mapuche, siglos XX-XXI |
| 250 | |a 1a. ed | ||
| 300 | |a 460 p | ||
| 942 | |c BK | ||
| 945 | |d 20120727 00:00:00 |a dcastane | ||
| 260 | |a Santiago |b LOM |c 2010 | ||
| 650 | 0 | |a Poesía chilena |9 268403 | |
| 650 | 0 | |a Poesía mapuche |9 475433 | |
| 650 | 0 | |a Literatura chilena |9 308278 | |
| 650 | 7 | |a LITERATURA MAPUCHE |2 CL-VaPUC |9 563406 | |
| 583 | |a last modification |c 20120727 13:37:00 |k Rodrigo Vera | ||
| 490 | 0 | |a Colección Entre Mares | |
| 999 | |c 348566 |d 348564 | ||
| 952 | |0 0 |1 0 |4 0 |6 CH_861_000000000000000_MOR_2010 |7 0 |8 A |9 450632 |a BIBING |b BIBING |d 2019-11-22 |i 4871243 |o Ch861 MOR 2010 |p 4871243 |r 2025-01-20 |w 2019-11-22 |y BK |k CUI | ||